00568nam a2200145Ia 4500008004100000024004800041082001900089100004800108245005700156260002600213600002100239650003800260856010700298999001700405260210s9999 xx 000 0 und d a15B-075-BS, 15B-077-BS & 15B-101-BS a005.199072 UZA aS.M. Uzair, Faizan Abbasi & Areeb Iqbal 0aImage Detection with Real Time Object Classification aKarachi:bUITU,c2015 aComputer Science aBachelor of Computer Science (BS) uhttps://drive.google.com/file/d/19CS0E9FqeU314H43J-dAfCyP9QS7U04c/view?usp=sharingyClick here for PDF c32330d32330